[Event "CHN League Women 2019"]
[Site "Daqing CHN"]
[Date "2019.06.19"]
[Round "1.1"]
[Board "1"]
[White "Ren, Xiaoyi"]
[Black "Ni, Shiqun"]
[Result "1/2-1/2"]
[BlackTitle "WGM"]
[WhiteElo "2255"]
[BlackElo "2416"]
[WhiteTeam "Chengdu"]
[BlackTeam "Shanghai"]
[WhiteFideId "8608709"]
[BlackFideId "8608466"]
[EventDate "2019.06.19"]
[EventType "team"]

1. d4 d5 2. c4 c6 3. Nf3 Nf6 4. Nc3 a6 5. a4 e6 6. e3 c5 7. Be2 Nc6 8. O-O dxc4
9. Bxc4 Be7 10. b3 cxd4 11. Nxd4 Nxd4 12. Qxd4 Qxd4 13. exd4 O-O 14. Bf4 Bd7 15.
d5 Bb4 16. dxe6 Bxc3 17. Rac1 Bxe6 18. Rxc3 Nd5 19. Bxd5 Bxd5 20. a5 Rac8 21.
Rxc8 Rxc8 22. b4 f6 23. Bd6 Kf7 24. Re1 Re8 25. Rxe8 Kxe8 26. Kf1 h5 27. f4 Kf7
28. Kf2 Ke6 29. Bc7 Kf5 30. Bd6 Ke6 31. Bc7 1/2-1/2

[Event "CHN League Women 2019"]
[Site "Daqing CHN"]
[Date "2019.06.19"]
[Round "1.1"]
[Board "2"]
[White "Zhang, Xiaowen"]
[Black "Wei, Yaqing"]
[Result "1-0"]
[WhiteTitle "WGM"]
[BlackTitle "WCM"]
[WhiteElo "2314"]
[BlackElo "1612"]
[WhiteTeam "Shanghai"]
[BlackTeam "Chengdu"]
[WhiteFideId "8603219"]
[BlackFideId "8616787"]
[EventDate "2019.06.19"]
[EventType "team"]

1. e4 c5 2. Nf3 e6 3. d4 cxd4 4. Nxd4 a6 5. c4 b6 6. Nc3 Qc7 7. Be3 Nf6 8. a3
Bb7 9. f3 d6 10. Rc1 Nbd7 11. Be2 Be7 12. O-O O-O 13. b4 Rac8 14. Qd2 Qb8 15.
Rc2 Bd8 16. Kh1 Bc7 17. Na4 Rfe8 18. Bg1 h6 19. Rb1 d5 20. exd5 exd5 21. c5 Bf4
22. Qd1 b5 23. c6 bxa4 24. cxb7 Qxb7 25. Rxc8 Rxc8 26. Qxa4 Ra8 27. Qc6 Qxc6 28.
Nxc6 Ne5 29. Ne7+ Kf8 30. Bc5 Ke8 31. Nf5 g6 32. Nd6+ Kd7 33. g3 Bd2 34. f4 Nc6
35. Nxf7 h5 36. Ng5 d4 37. Bd3 Re8 38. Bxa6 Bc3 39. b5 Nb8 40. Bxd4 Bxd4 41. Rd1
Ng4 42. Rxd4+ Kc7 43. h3 Nh6 44. b6+ Kxb6 45. Bd3 Kc5 46. Re4 Rg8 47. Re6 Rd8
48. Bxg6 Rd1+ 49. Kg2 Nc6 50. Ne4+ Kb6 51. Be8 Nf5 52. Rxc6+ Kb7 53. Rc3 h4 54.
g4 Nd4 55. Rd3 Rxd3 56. Nc5+ Kc7 57. Nxd3 Kd8 58. Bg6 Nb5 59. a4 Nc3 60. a5 Kc7
61. g5 Kd6 62. a6 Nb5 63. Be4 Ke7 64. f5 Kd6 65. f6 Kc7 66. f7 Kb6 67. f8=Q Ka5
68. Qc5 Kxa6 69. Bc6 Ka5 70. Qxb5# 1-0

[Event "CHN League Women 2019"]
[Site "Daqing CHN"]
[Date "2019.06.19"]
[Round "1.1"]
[Board "3"]
[White "Chen, Hongbei"]
[Black "Dai, Jiaying"]
[Result "0-1"]
[WhiteElo "1540"]
[BlackElo "1599"]
[WhiteTeam "Chengdu"]
[BlackTeam "Shanghai"]
[WhiteFideId "8612722"]
[BlackFideId "8626081"]
[EventDate "2019.06.19"]
[EventType "team"]

1. e4 e5 2. Nf3 Nc6 3. Bc4 Bc5 4. d3 d6 5. O-O Nf6 6. c3 O-O 7. a4 Bb6 8. h3 Be6
9. Re1 Bxc4 10. dxc4 a6 11. b4 a5 12. b5 Ne7 13. Ba3 Ng6 14. Nbd2 Nh5 15. Nb3
Qe7 16. Bc1 Ngf4 17. Be3 Bxe3 18. Rxe3 f5 19. exf5 Rxf5 20. Nbd4 Rf7 21. c5 Qf6
22. Ne2 e4 23. Nd2 d5 24. Nf1 Nd3 25. f3 Qh4 26. Rxd3 exd3 27. Qxd3 Qe7 28. Qxd5
Qxe2 29. Qxh5 Re8 30. Qd5 Qe5 31. Qc4 Kf8 32. Rd1 Rf5 33. c6 bxc6 34. Qxc6 Qc5+
35. Qxc5+ Rxc5 36. Rd3 Rc4 37. Nd2 Rxa4 38. Rd7 Ra1+ 39. Kh2 Re2 40. Rxc7 Rxd2
41. b6 Raa2 42. Kg3 Rab2 43. b7 Ke8 44. Kf4 Rd7 45. Rc8+ Rd8 46. Rc7 Rxg2 47. c4
a4 48. c5 a3 49. c6 a2 50. Rc8 a1=Q 51. Rxd8+ Kxd8 52. b8=Q+ Ke7 53. Qb4+ Kf7
54. Qc4+ Kf6 55. Qc5 Qa4+ 56. Ke3 Qb3+ 0-1

[Event "CHN League Women 2019"]
[Site "Daqing CHN"]
[Date "2019.06.19"]
[Round "1.2"]
[Board "1"]
[White "Guo, Qi"]
[Black "Ning, Kaiyu"]
[Result "1/2-1/2"]
[WhiteTitle "IM"]
[BlackTitle "WFM"]
[WhiteElo "2367"]
[BlackElo "2306"]
[WhiteTeam "Jiangsu"]
[BlackTeam "Shandong"]
[WhiteFideId "8604002"]
[BlackFideId "8614750"]
[EventDate "2019.06.19"]
[EventType "team"]

1. d4 d5 2. c4 e6 3. Nc3 Nf6 4. Bg5 Be7 5. e3 h6 6. Bxf6 Bxf6 7. Nf3 O-O 8. Rc1
c6 9. Bd3 Nd7 10. O-O dxc4 11. Bxc4 e5 12. h3 exd4 13. exd4 Nb6 14. Bb3 Re8 15.
Re1 Bf5 16. Rxe8+ Qxe8 17. Qd2 Qd7 18. Re1 Re8 19. Rxe8+ Qxe8 20. Qf4 Bg6 21.
Ne5 Bxe5 22. dxe5 Nd7 23. e6 fxe6 24. Qe3 Nb6 25. Bxe6+ Kh8 26. a4 a5 27. Qxb6
Qxe6 28. Qxa5 Qe1+ 29. Kh2 Qxf2 30. Qa8+ Kh7 31. Qxb7 Qf4+ 32. Kh1 Qf1+ 33. Kh2
Qf4+ 34. Kh1 1/2-1/2

[Event "CHN League Women 2019"]
[Site "Daqing CHN"]
[Date "2019.06.19"]
[Round "1.2"]
[Board "2"]
[White "Yan, Tianqi"]
[Black "Zhang, Xiao"]
[Result "1/2-1/2"]
[WhiteElo "2036"]
[BlackElo "2234"]
[WhiteTeam "Shandong"]
[BlackTeam "Jiangsu"]
[WhiteFideId "8615250"]
[BlackFideId "8610894"]
[EventDate "2019.06.19"]
[EventType "team"]

1. c4 e5 2. Nc3 Nf6 3. Nf3 Nc6 4. e3 d5 5. cxd5 Nxd5 6. Bb5 Nxc3 7. bxc3 Bd6 8.
e4 O-O 9. O-O f5 10. d3 Qf6 11. Rb1 a6 12. Bc4+ Kh8 13. Bd5 f4 14. d4 Ne7 15.
Bc4 b5 16. Be2 Nc6 17. Bb2 Bg4 18. a4 Rab8 19. axb5 axb5 20. Ra1 b4 21. d5 bxc3
22. Bxc3 Bxf3 23. Bxf3 Nd4 24. Bxd4 exd4 25. Qd3 Ra8 26. h3 Rfb8 27. Rfd1 Be5
28. Rdc1 Rxa1 29. Rxa1 Qb6 30. Be2 Qb2 31. Rd1 Qc3 32. Rb1 Rf8 33. Qf3 Ra8 34.
Qd3 g6 35. Qb5 Qd2 36. Qd3 Ra2 37. Qxd2 Rxd2 38. Bf3 Kg7 39. Kf1 Kf6 40. Ke1 Ra2
41. Rd1 Ke7 42. Rd2 Ra3 43. Ke2 Kd6 44. Rd3 Ra7 45. Rb3 Ra2+ 46. Ke1 Bf6 47. Rd3
Kc5 48. Be2 Kb4 49. g3 fxg3 50. fxg3 Ra1+ 51. Kf2 Ra2 52. h4 Ra3 1/2-1/2

[Event "CHN League Women 2019"]
[Site "Daqing CHN"]
[Date "2019.06.19"]
[Round "1.2"]
[Board "3"]
[White "Zhang, Yuxuan"]
[Black "Wang, Xiyue"]
[Result "1-0"]
[WhiteElo "1977"]
[BlackElo "1502"]
[WhiteTeam "Jiangsu"]
[BlackTeam "Shandong"]
[WhiteFideId "8610908"]
[BlackFideId "8627711"]
[EventDate "2019.06.19"]
[EventType "team"]

1. e4 c5 2. Nf3 e6 3. d4 cxd4 4. Nxd4 a6 5. Bd3 Nf6 6. c4 Qc7 7. f4 d6 8. Nc3
Nc6 9. Nb3 Be7 10. Bd2 O-O 11. O-O b6 12. Qf3 Bb7 13. Rae1 Nb4 14. Bb1 Rac8 15.
Qh3 e5 16. fxe5 dxe5 17. Nd5 Nbxd5 18. exd5 g6 19. Bh6 Rfe8 20. Nd2 Rcd8 21. Kh1
b5 22. b3 bxc4 23. bxc4 a5 24. Qf3 Qb6 25. Ne4 Rc8 26. c5 Qd8 27. c6 Bxc6 28.
Nxf6+ Bxf6 29. dxc6 Re6 30. Be4 Qe7 31. Rd1 Rd8 32. Rxd8+ Qxd8 33. Bg5 Bxg5 34.
Qxf7+ Kh8 35. Qxe6 Qb8 36. c7 Qxc7 37. Rf8+ Kg7 38. Rg8+ Kh6 39. Qh3+ Bh4 40.
Qxh4# 1-0

[Event "CHN League Women 2019"]
[Site "Daqing CHN"]
[Date "2019.06.19"]
[Round "1.3"]
[Board "1"]
[White "Liu, Manli"]
[Black "Xiao, Yiyi"]
[Result "1-0"]
[BlackTitle "WFM"]
[WhiteElo "2159"]
[BlackElo "2356"]
[WhiteTeam "Guangdong"]
[BlackTeam "Tianjin"]
[WhiteFideId "8608121"]
[BlackFideId "8606161"]
[EventDate "2019.06.19"]
[EventType "team"]

1. e4 e5 2. Nf3 Nc6 3. Bc4 Nf6 4. d3 Be7 5. O-O O-O 6. Re1 d6 7. c3 Na5 8. Bb5
a6 9. Ba4 c5 10. Nbd2 b5 11. Bc2 Nc6 12. Nf1 h6 13. Ng3 Re8 14. h3 Be6 15. d4
cxd4 16. cxd4 exd4 17. Nxd4 Nxd4 18. Qxd4 Rc8 19. Qd1 Qc7 20. Bb3 Bf8 21. Bf4
Bc4 22. Qd4 Qc5 23. Qxc5 Rxc5 24. Bxc4 Rxc4 25. Rad1 d5 26. b3 Rc2 27. e5 g5 28.
Bxg5 hxg5 29. exf6 Re6 30. Nf5 Rxa2 31. Ne7+ Kh7 32. Rxe6 fxe6 33. Rc1 d4 34.
Rc8 d3 35. Rd8 d2 36. Kh2 d1=Q 37. Rxd1 Rxf2 38. Rd7 a5 39. Kg3 Rf1 40. Kg4 Kh6
41. g3 a4 42. bxa4 bxa4 43. Rd8 Bg7 44. fxg7 Kxg7 45. Kxg5 Kf7 46. Nc6 Rf5+ 47.
Kg4 Rc5 48. Nd4 Rc4 49. Kf4 a3 50. Ke5 Rc5+ 51. Ke4 Ra5 52. Nc2 a2 53. Rd1 Rc5
54. Kd3 Rb5 55. Kc3 Rb1 56. Rd7+ Kf6 57. Ra7 Rg1 58. g4 Rg3+ 59. Kd4 Rxh3 60.
Rxa2 Rh2 61. Kd3 Rf2 62. Ra4 e5 63. Ne3 Kg5 64. Ra8 Rf7 65. Ke4 Kf6 66. Rg8 Ra7
67. Rf8+ Ke7 68. Rf5 1-0

[Event "CHN League Women 2019"]
[Site "Daqing CHN"]
[Date "2019.06.19"]
[Round "1.3"]
[Board "2"]
[White "Chu, Ruotong"]
[Black "Du, Yuxin"]
[Result "0-1"]
[WhiteTitle "WIM"]
[WhiteElo "2204"]
[BlackElo "1973"]
[WhiteTeam "Tianjin"]
[BlackTeam "Guangdong"]
[WhiteFideId "8605653"]
[BlackFideId "8610282"]
[EventDate "2019.06.19"]
[EventType "team"]

1. c4 c5 2. Nc3 Nc6 3. g3 g6 4. Bg2 Bg7 5. Nf3 e6 6. O-O Nge7 7. d4 Nxd4 8. Nxd4
cxd4 9. Nb5 Nf5 10. g4 a6 11. gxf5 axb5 12. fxe6 fxe6 13. cxb5 O-O 14. a4 d5 15.
Qb3 Bd7 16. e3 Qh4 17. Qb4 Rf7 18. b3 Be5 19. h3 Raf8 20. exd4 Rxf2 21. Ra2
Rxf1+ 22. Bxf1 Bxd4+ 23. Kg2 Qe4+ 0-1

[Event "CHN League Women 2019"]
[Site "Daqing CHN"]
[Date "2019.06.19"]
[Round "1.3"]
[Board "3"]
[White "Peng, Xinbei"]
[Black "Liu, Hongyan"]
[Result "0-1"]
[WhiteElo "1699"]
[BlackElo "2058"]
[WhiteTeam "Guangdong"]
[BlackTeam "Tianjin"]
[WhiteFideId "8607680"]
[BlackFideId "8604789"]
[EventDate "2019.06.19"]
[EventType "team"]

1. e4 c5 2. Nc3 Nc6 3. g3 g6 4. Bg2 Bg7 5. Nge2 Rb8 6. d3 b5 7. Bf4 d6 8. Qd2
Nd4 9. O-O b4 10. Nd1 e5 11. Be3 Nf6 12. Bg5 h6 13. Bxf6 Qxf6 14. Nxd4 exd4 15.
f4 O-O 16. Nf2 Bd7 17. Rae1 h5 18. e5 dxe5 19. fxe5 Qb6 20. Qf4 Rbe8 21. Re2 Qe6
22. Bh3 f5 23. Rfe1 Qxa2 24. Bg2 Be6 25. b3 Qa6 26. Nh3 Qc8 27. Ra1 Qd7 28. Ra6
Bf7 29. Ng5 Bh6 30. h4 Bxg5 31. Qxg5 Re6 32. Ra1 Rfe8 33. Qf4 a6 34. Kh2 Rd8 35.
Bf3 Kg7 36. Qg5 Qc7 37. Bxh5 Rh8 38. Bf3 a5 39. Qf4 Rhe8 40. Rae1 Qd7 41. g4 Rh8
42. gxf5 gxf5 43. Rg1+ Kf8 44. Rg5 Reh6 45. h5 Bxh5 46. Rxf5+ Bf7+ 47. Kg1 Qe6
48. Rf6 Rg6+ 49. Rxg6 Qxg6+ 50. Kf2 Rg8 51. Re1 Qg5 52. Qxg5 Rxg5 53. e6 Be8 54.
Bb7 Rg7 55. Bc8 Rc7 56. Ba6 Ke7 57. Bc4 a4 58. bxa4 Bxa4 59. Re2 Rb7 60. Re5
Bxc2 61. Rh5 Kd6 62. Rd5+ Kxe6 63. Rxc5+ Kf6 64. Rd5 b3 65. Bxb3 Rxb3 66. Rxd4
Bxd3 67. Rd5 Bf5 68. Rd6+ Ke5 69. Ra6 Kf4 70. Ra4+ Be4 71. Rc4 Rb2+ 72. Ke1 Ke3
73. Rc1 Rh2 74. Rc3+ Bd3 75. Kd1 Rh1# 0-1

[Event "CHN League Women 2019"]
[Site "Daqing CHN"]
[Date "2019.06.19"]
[Round "1.4"]
[Board "1"]
[White "Song, Yuxin"]
[Black "Hu, Yue"]
[Result "1-0"]
[WhiteTitle "WIM"]
[WhiteElo "2308"]
[BlackElo "2034"]
[WhiteTeam "Beijing"]
[BlackTeam "Wuxi"]
[WhiteFideId "8614300"]
[BlackFideId "8610339"]
[EventDate "2019.06.19"]
[EventType "team"]

1. d4 Nf6 2. Nf3 g6 3. g3 Bg7 4. Bg2 O-O 5. O-O d6 6. b3 a5 7. Nc3 Na6 8. e4 Nd7
9. Be3 c6 10. a4 Nb4 11. Qd2 Re8 12. Rad1 Qc7 13. Ne1 e5 14. d5 Bf8 15. Nd3 Qb8
16. Nb2 Nf6 17. Bg5 Ng4 18. h3 f6 19. Bh4 Bh6 20. Qe2 g5 21. Bxg5 Bxg5 22. hxg4
Ra6 23. f4 Qa7+ 24. Kh2 exf4 25. gxf4 Bh4 26. Kh3 Qc5 27. Qc4 Bf2 28. dxc6+ Be6
29. Qxc5 Bxc5 30. f5 Bf7 31. Nb5 Nxc2 32. Nc7 Ne3 33. Nxe8 Nxd1 34. Nxf6+ Kg7
35. Nxd1 Kxf6 36. c7 Ra8 37. e5+ dxe5 38. Bxb7 1-0

[Event "CHN League Women 2019"]
[Site "Daqing CHN"]
[Date "2019.06.19"]
[Round "1.4"]
[Board "3"]
[White "Liu, Xianglin"]
[Black "Chen, Yining"]
[Result "1-0"]
[BlackTitle "WCM"]
[WhiteElo "2188"]
[BlackElo "1677"]
[WhiteTeam "Beijing"]
[BlackTeam "Wuxi"]
[WhiteFideId "8602409"]
[BlackFideId "8620946"]
[EventDate "2019.06.19"]
[EventType "team"]

1. d4 Nf6 2. Bf4 e6 3. e3 b6 4. Nf3 Bb7 5. Be2 c5 6. c3 d5 7. Nbd2 Nc6 8. Ne5
Nxe5 9. Bxe5 Nd7 10. Bg3 Be7 11. O-O O-O 12. Bd3 Qc8 13. Qe2 f6 14. f4 f5 15.
Nf3 Bd6 16. Bh4 Nf6 17. Bxf6 Rxf6 18. Kh1 Qe8 19. Ng5 h6 20. Nh3 Bc8 21. Rg1 Qf7
22. Nf2 h5 23. Nh3 Rh6 24. Ng5 Qc7 25. Rgf1 Be7 26. Nf3 Bf6 27. b3 Bd7 28. a4
Rb8 29. Nd2 Be8 30. Rfc1 Qe7 31. Nf3 h4 32. Bb5 Bh5 33. Qf2 a5 34. Ra2 Bg4 35.
Ne5 Bxe5 36. fxe5 h3 37. g3 g5 38. Be2 Rf8 39. Rf1 Rh7 40. Bxg4 fxg4 41. Qxf8+
Qxf8 42. Rxf8+ Kxf8 43. Rf2+ Rf7 44. Kg1 Rf3 45. Rxf3+ gxf3 46. dxc5 bxc5 47. g4
Ke7 48. Kf2 Kd7 49. Kxf3 Kc6 50. Kg3 d4 51. exd4 cxd4 52. cxd4 Kd5 53. Kxh3 Kxd4
54. Kg3 Kxe5 55. h4 gxh4+ 56. Kxh4 Kf6 57. Kg3 Ke5 58. Kf3 Kd4 59. g5 e5 60. g6 1-0

[Event "CHN League Women 2019"]
[Site "Daqing CHN"]
[Date "2019.06.19"]
[Round "1.5"]
[Board "2"]
[White "Zhou, Zirun"]
[Black "Huang, Qianyi"]
[Result "1-0"]
[WhiteElo "2141"]
[BlackElo "1298"]
[WhiteTeam "Hangzhou"]
[BlackTeam "Chongqing"]
[WhiteFideId "8610975"]
[BlackFideId "8625999"]
[EventDate "2019.06.19"]
[EventType "team"]

1. d4 d5 2. c4 e6 3. Nf3 Nf6 4. Nc3 b6 5. cxd5 exd5 6. Bg5 Be7 7. Ne5 Bb7 8. e3
O-O 9. Bd3 Ne4 10. Bf4 f5 11. f3 Nd6 12. Qb3 c6 13. O-O Kh8 14. Rad1 Nd7 15. e4
fxe4 16. fxe4 dxe4 17. Nxe4 Nxe5 18. Bxe5 Nxe4 19. Bxe4 Qd7 20. Rf7 Rxf7 21.
Qxf7 Qg4 22. Bf3 Qg5 23. h4 Qe3+ 24. Kh1 Bf8 25. Qxb7 Re8 26. Qf7 Rd8 27. Rf1
Qh6 28. Bh5 Bd6 29. g4 Rg8 30. g5 Bxe5 31. dxe5 Qxh5 32. Qxh5 Rd8 33. g6 h6 34.
Qf5 Rg8 35. e6 c5 36. e7 c4 37. Qf8 Rxf8 38. Rxf8# 1-0

[Event "CHN League Women 2019"]
[Site "Daqing CHN"]
[Date "2019.06.19"]
[Round "1.6"]
[Board "1"]
[White "Zhai, Mo"]
[Black "Kuang, Yinghui"]
[Result "1-0"]
[WhiteTitle "WGM"]
[BlackTitle "WIM"]
[WhiteElo "2358"]
[BlackElo "2200"]
[WhiteTeam "Hebei"]
[BlackTeam "Shenzhen"]
[WhiteFideId "8600201"]
[BlackFideId "8600988"]
[EventDate "2019.06.19"]
[EventType "team"]

1. d4 Nf6 2. c4 e6 3. Nf3 b6 4. g3 Bb7 5. Bg2 Bb4+ 6. Bd2 Be7 7. O-O O-O 8. Qc2
d6 9. Nc3 c5 10. d5 e5 11. e4 Na6 12. Ne1 Nc7 13. Nd3 Ba6 14. b3 b5 15. Nd1 Nd7
16. Rb1 Rb8 17. Ne3 Ne8 18. b4 Bg5 19. f4 exf4 20. gxf4 Bf6 21. bxc5 bxc4 22.
Nxc4 Bd4+ 23. Kh1 Rxb1 24. Rxb1 Nxc5 25. Nb4 Qh4 26. Nxa6 Nxa6 27. Qd3 Bf2 28.
Qf3 f5 29. Rf1 Bc5 30. e5 dxe5 31. Nxe5 Qd8 32. d6 Nxd6 33. Qd5+ Kh8 34. Rf3 Rf6
35. Bf1 Nc7 36. Qxc5 Ne4 37. Qc2 Nxd2 38. Rd3 Qa8+ 39. Bg2 1-0

[Event "CHN League Women 2019"]
[Site "Daqing CHN"]
[Date "2019.06.19"]
[Round "1.6"]
[Board "2"]
[White "Xu, Tong"]
[Black "Guo, Weibao"]
[Result "1/2-1/2"]
[WhiteTitle "WIM"]
[WhiteElo "2131"]
[BlackElo "1910"]
[WhiteTeam "Shenzhen"]
[BlackTeam "Hebei"]
[WhiteFideId "8601739"]
[BlackFideId "8608440"]
[EventDate "2019.06.19"]
[EventType "team"]

1. e4 e6 2. d3 c5 3. Nf3 Nc6 4. g3 g6 5. Bg2 Bg7 6. O-O Nge7 7. Re1 d6 8. c3 e5
9. a3 h6 10. Be3 O-O 11. b4 b6 12. Qc1 Kh7 13. Nbd2 Be6 14. Rb1 Rc8 15. b5 Na5
16. c4 Qd7 17. Nf1 f5 18. Bd2 Nb7 19. Rb3 Rf7 20. exf5 Nxf5 21. Rb2 Rcf8 22. h4
Nd4 23. Nxd4 cxd4 24. Bb4 Nc5 25. Bxc5 dxc5 26. Nh2 Bh3 27. Be4 Bf5 28. Qd1 Bxe4
29. Rxe4 Rf5 30. Qe1 h5 31. Rbe2 Qf7 32. Qf1 Kh8 33. Qg2 Kh7 34. a4 Bf6 35. Nf3
Qc7 36. Nd2 Bd8 37. Qh3 Qf7 38. Qg2 Qc7 39. Qf1 Qg7 40. Qh3 Qf7 41. Qf1 Qg7 42.
Qe1 Bc7 43. Kg2 Qf6 44. Kg1 Rf7 1/2-1/2

[Event "CHN League Women 2019"]
[Site "Daqing CHN"]
[Date "2019.06.19"]
[Round "1.7"]
[Board "1"]
[White "Hu, Yu A."]
[Black "Bai, Xue"]
[Result "1-0"]
[WhiteElo "2073"]
[BlackElo "2093"]
[WhiteTeam "Heilongjiang"]
[BlackTeam "Zhejiang"]
[WhiteFideId "8609993"]
[BlackFideId "8608717"]
[EventDate "2019.06.19"]
[EventType "team"]

1. e4 e5 2. Nf3 Nc6 3. Bb5 a6 4. Ba4 Nf6 5. O-O b5 6. Bb3 Bc5 7. Re1 d6 8. c3
Bg4 9. d3 O-O 10. Nbd2 Ne7 11. h3 Bxf3 12. Nxf3 Ng6 13. a4 c6 14. d4 Bb6 15.
axb5 axb5 16. Rxa8 Qxa8 17. Be3 Qb7 18. dxe5 dxe5 19. Bxb6 Qxb6 20. Qd6 Ne8 21.
Qd7 Nf6 22. Qf5 Qc7 23. h4 c5 24. h5 Ne7 25. Qxe5 Qxe5 26. Nxe5 c4 27. Bd1 Rd8
28. Bf3 g5 29. hxg6 hxg6 30. Ra1 Rd2 31. Rb1 Rd6 32. Nxc4 bxc4 33. e5 Re6 34.
exf6 Rxf6 35. Rd1 Rb6 36. Rd7 Nf5 37. Rb7 Rd6 38. Be2 Rc6 39. Bf3 Rc5 40. Rd7
Rb5 41. Bd5 Nh6 42. Bxc4 Rxb2 43. Bd5 Rc2 44. Rc7 Kf8 45. c4 Ke8 46. f3 Nf5 47.
Be4 Rc1+ 48. Kf2 Nd6 49. Bd3 Kd8 50. Rc5 Ke7 51. Ke3 Ke6 52. Kd4 Rd1 53. g4 f5
54. Re5+ Kf6 55. Rd5 Ke6 56. Kc5 Nb7+ 57. Kb6 Nd6 58. Bxf5+ gxf5 59. Rxd1 Nxc4+
60. Kc5 Ne5 61. Rd6+ Kf7 62. gxf5 Nxf3 63. Kd5 Ng5 64. Ke5 1-0

[Event "CHN League Women 2019"]
[Site "Daqing CHN"]
[Date "2019.06.19"]
[Round "1.7"]
[Board "2"]
[White "Huang, Mofei"]
[Black "Jiang, Zhaoyi"]
[Result "1-0"]
[BlackTitle "WCM"]
[WhiteElo "1993"]
[BlackElo "1952"]
[WhiteTeam "Zhejiang"]
[BlackTeam "Heilongjiang"]
[WhiteFideId "8609535"]
[BlackFideId "8611050"]
[EventDate "2019.06.19"]
[EventType "team"]

1. d4 Nf6 2. c4 e6 3. Nf3 d5 4. Nc3 Be7 5. e3 O-O 6. Qc2 b6 7. b3 Bb7 8. Be2
Nbd7 9. O-O Ne4 10. Bb2 Nxc3 11. Bxc3 c5 12. Rfd1 cxd4 13. Nxd4 Bf6 14. Rac1 Qe7
15. cxd5 Bxd5 16. Ba6 Ne5 17. f4 Ng6 18. Qd2 Rfd8 19. Bb4 Qd7 20. Nb5 Nh4 21. e4
Bc6 22. Qc2 Qe8 23. Nc7 Rxd1+ 24. Rxd1 1-0

[Event "CHN League Women 2019"]
[Site "Daqing CHN"]
[Date "2019.06.19"]
[Round "1.8"]
[Board "1"]
[White "Zhou, Guijue"]
[Black "Li, Xinyang"]
[Result "1-0"]
[WhiteTitle "WIM"]
[WhiteElo "2171"]
[BlackElo "1400"]
[WhiteTeam "Hunan"]
[BlackTeam "Qingdao"]
[WhiteFideId "8602905"]
[BlackFideId "8622477"]
[EventDate "2019.06.19"]
[EventType "team"]

1. e4 c5 2. Nc3 Nc6 3. Bb5 d6 4. Bxc6+ bxc6 5. d3 e5 6. f4 exf4 7. Bxf4 Nf6 8.
h3 Be7 9. Qf3 Bb7 10. Nge2 Qd7 11. g4 O-O-O 12. O-O-O h5 13. g5 Ne8 14. h4 f6
15. g6 Nc7 16. d4 cxd4 17. Nxd4 Ne6 18. Nf5 Nxf4 19. Qxf4 Bf8 20. Rh2 Qe6 21.
Rhd2 d5 22. exd5 cxd5 23. Nxd5 Rxd5 24. Qc4+ Kb8 25. Rxd5 Bxd5 26. Rxd5 Qe1+ 27.
Rd1 Qa5 28. Qe6 Bb4 29. Nxg7 Rd8 30. Rxd8+ Qxd8 31. c3 Bd6 32. Nxh5 Qb6 33. Qe1
Qc7 34. g7 Qf7 35. Qg1 1-0

[Event "CHN League Women 2019"]
[Site "Daqing CHN"]
[Date "2019.06.19"]
[Round "1.8"]
[Board "2"]
[White "Chen, Qianru"]
[Black "Yu, Moqi"]
[Result "0-1"]
[WhiteElo "1255"]
[BlackElo "2078"]
[WhiteTeam "Qingdao"]
[BlackTeam "Hunan"]
[WhiteFideId "8620350"]
[BlackFideId "8604533"]
[EventDate "2019.06.19"]
[EventType "team"]

1. d4 Nf6 2. c4 e6 3. Nc3 Bb4 4. Nf3 O-O 5. e3 d5 6. Bd3 c5 7. a3 Bxc3+ 8. bxc3
Nc6 9. O-O dxc4 10. Bxc4 Qc7 11. Be2 e5 12. Bb2 e4 13. Nd2 Bf5 14. Nb3 c4 15.
Bxc4 Ng4 16. g3 Rad8 17. Be2 Nce5 18. Qb1 Qb6 19. dxe5 Qxb3 20. c4 Rd2 21. Bxg4
Rxb2 22. Qd1 Bxg4 23. Qxg4 Qxc4 24. Rfc1 Qd5 25. Qf5 g6 26. Qf6 Rb6 27. Qf4 Re6
28. Rd1 Qxe5 29. Qxe5 Rxe5 30. Rd7 Rb5 31. Re7 f5 32. Rc1 Rf7 33. Rcc7 Rxe7 34.
Rxe7 a5 35. a4 Rb4 36. Rc7 b6 37. Rb7 Kf8 38. f4 Ke8 39. h3 h5 40. g4 hxg4 41.
h4 Rxa4 42. Rg7 Ra1+ 43. Kg2 a4 44. Rxg6 Rb1 45. h5 Kf7 46. Rg5 a3 47. Rxf5+ Kg7
48. Kg3 a2 49. Kxg4 Rg1+ 50. Kh4 a1=Q 0-1

[Event "CHN League Women 2019"]
[Site "Daqing CHN"]
[Date "2019.06.20"]
[Round "2.1"]
[Board "1"]
[White "Ni, Shiqun"]
[Black "Zhai, Mo"]
[Result "1-0"]
[WhiteTitle "WGM"]
[BlackTitle "WGM"]
[WhiteElo "2416"]
[BlackElo "2358"]
[WhiteTeam "Shanghai"]
[BlackTeam "Hebei"]
[WhiteFideId "8608466"]
[BlackFideId "8600201"]
[EventDate "2019.06.19"]
[EventType "team"]

1. e4 e5 2. Nf3 Nc6 3. Bc4 Bc5 4. c3 Nf6 5. d4 exd4 6. e5 d5 7. Bb5 Ne4 8. cxd4
Bb6 9. Nc3 O-O 10. Be3 Bg4 11. h3 Bh5 12. Qc2 Bg6 13. Qb3 Ne7 14. Nh4 c6 15.
Nxg6 Nxg6 16. Bd3 Nxc3 17. bxc3 f6 18. Bxg6 hxg6 19. Bf4 g5 20. Bg3 f5 21. f3
Qd7 22. a4 Ba5 23. O-O f4 24. Be1 Qf7 25. Bd2 Rfe8 26. Rab1 Rab8 27. Qc2 a6 28.
Rb3 c5 29. Rfb1 Rec8 30. Qb2 Rc7 31. Re1 Re8 32. Re2 Ree7 33. Qb1 Qe8 34. Qa2
cxd4 35. cxd4 Bxd2 36. Rxd2 Rc1+ 37. Kh2 Qc6 38. Rb1 Rc4 39. Qa3 Rc7 40. a5 Ra4
41. Qd3 Qc3 42. Qxc3 Rxc3 43. h4 gxh4 44. Rxb7 Rxa5 45. Kh3 Ra1 46. Kxh4 a5 47.
Kg5 a4 48. Re2 Rac1 49. e6 Kf8 50. Rf7+ Kg8 51. Rd7 Rc8 52. Kg6 a3 53. Rxg7+ Kf8
54. Ra7 R1c3 55. Re5 Re3 56. Kf6 1-0

[Event "CHN League Women 2019"]
[Site "Daqing CHN"]
[Date "2019.06.20"]
[Round "2.1"]
[Board "2"]
[White "Guo, Weibao"]
[Black "Zhang, Xiaowen"]
[Result "0-1"]
[BlackTitle "WGM"]
[WhiteElo "1910"]
[BlackElo "2314"]
[WhiteTeam "Hebei"]
[BlackTeam "Shanghai"]
[WhiteFideId "8608440"]
[BlackFideId "8603219"]
[EventDate "2019.06.19"]
[EventType "team"]

1. d4 Nf6 2. c4 e6 3. Nf3 d5 4. e3 b6 5. cxd5 exd5 6. Bd3 Bd6 7. O-O O-O 8. b3
Qe7 9. Bb2 Nbd7 10. Nc3 a6 11. Re1 Bb7 12. Nd2 Ne4 13. Bxe4 dxe4 14. Nc4 f5 15.
Nxd6 Qxd6 16. a4 Qh6 17. Ne2 Nf6 18. Rc1 Rf7 19. a5 Nd5 20. Rc4 Re8 21. Bc1 b5
22. Rc5 Nb4 23. Rf1 Nd3 24. Rc3 b4 25. Rxd3 exd3 26. Qxd3 Qc6 27. f3 Qd5 28. Bd2
Qxa5 29. Rc1 Qb6 30. Rc5 a5 31. Qc2 Re6 32. d5 Re5 33. Nf4 g5 34. Ne6 f4 35. e4
Bxd5 36. Nd8 Bxe4 37. fxe4 Rxc5 0-1